Types de Carrefour - Statistiques

Statistiques générales
  • Ce quiz a été pris 251 fois
  • Le résultat moyen est 5 sur 8
Statistiques - réponses
Par images Réponse % Correct
Carrefour Bio
96%
Carrefour
91%
Carrefour Montagne
89%
Carrefour Market
83%
Carrefour City
76%
Carrefour Contact
48%
Carrefour Express
45%
Carrefour Maxi
1%
Aucun quiz correspondant
Distribution des résultats
% des personnes avec chaque résultat
Percentile par nombre de réponses
Votre historique - résultats
Vous n’avez pas pris ce quiz